Managing the people's money ; an analysis of banking policies and banking control and their relation to economic stability /

Bibliographic Details
Main Author: Goodbar, Joseph Ernest, 1890-
Format: Book
Language:English
Published: New Haven : London : Yale University Press; H. Milford, Oxford University Press, 1935.
Subjects:

MARC

Tag First Indicator Second Indicator Subfields
LEADER 00000cam a2200000 4500
001 in00000055996
005 20151008052340.0
008 731115s1935 ctu b 00000 eng u
010 |a  35035692  
035 |a (OCoLC)00742871 
035 |9 AAH2948AM 
040 |c CSU  |d TXA  |d UtOrBLW 
049 |a TXAM  |c [141341] 
050 0 |a HG2481  |b .G65 
082 0 |a 332.10973 
092 |a 332.1  |b G646m 
100 1 |a Goodbar, Joseph Ernest,  |d 1890- 
245 1 0 |a Managing the people's money ;  |b an analysis of banking policies and banking control and their relation to economic stability /  |c by Joseph Ernest Goodbar. 
264 1 |a New Haven :  |b Yale University Press;  |a London :  |b H. Milford, Oxford University Press,  |c 1935. 
300 |a xi, 578p. ;  |c 24cm. 
336 |a text  |b txt  |2 rdacontent 
337 |a unmediated  |b n  |2 rdamedia 
338 |a volume  |b nc  |2 rdacarrier 
504 |a "References" cited in the text: pages [539]-548. 
650 0 |a Banks and banking  |z United States. 
650 0 |a Banks and banking  |z Great Britain. 
650 0 |a Credit. 
650 0 |a Banking law  |z United States. 
999 |a MARS 
999 f f |s 76cc2c85-af26-3cf7-8348-92df464a7dbb  |i 43ea918d-c1ad-3c63-a885-735ce0cab4b9  |t 0 
952 f f |p ric  |a Texas A&M University  |b Rellis Campus  |c Joint Library Facility  |d Remote Storage  |t 0  |e HG2481 .G65  |h Library of Congress classification  |i unmediated -- volume  |m A14800728443 
998 f f |a HG2481 .G65  |t 0  |l Remote Storage